Celestial mechanics /
Guardado en:
| Autor Principal: | |
|---|---|
| Formato: | Libro |
| Idioma: | English |
| Publicado: |
[Washington] :
Mathematical Association of America,
c1976.
|
| Series: | The Carus mathematical monographs ;
no. 18 |
| Materias: | |
| Etiquetas: |
Agregar Etiqueta
Sin Etiquetas, Sea el primero en etiquetar este registro!
|
| LEADER | 00982cam a2200241 a 4500 | ||
|---|---|---|---|
| 001 | MAT.inmabb002867 | ||
| 008 | 780109s1976####dcua#####b####001#0#eng## | ||
| 005 | 20120508125427.0 | ||
| 245 | 1 | 0 | |a Celestial mechanics / |c by Harry Pollard. |
| 260 | |a [Washington] : |b Mathematical Association of America, |c c1976. | ||
| 300 | |a x, 134 p. : |b il. ; |c 20 cm. | ||
| 440 | 4 | |a The Carus mathematical monographs ; |v no. 18 | |
| 500 | |a "A corrected version of chapters 1-3 of Mathematical introduction to celestial mechanics (Englewood Cliffs, N.J. : Prentice-Hall, 1966)". | ||
| 504 | |a Incluye referencias bibliográficas e índice. | ||
| 510 | 4 | |a MR, |c 55 #7026 | |
| 020 | |a 0883850192 | ||
| 100 | 1 | |a Pollard, Harry, |d 1919-1985. | |
| 700 | 1 | |a Pollard, Harry, |d 1919-1985. |t Mathematical introduction to celestial mechanics. |4 ant | |
| 650 | 0 | |a Celestial mechanics |x Mathematics. | |
| 084 | |a 70F15 |2 msc2000 | ||
| 010 | |a 76051507 | ||
| 040 | |a DLC |c DLC |d DLC | ||
| 859 | |h 70 |i P771 |p A-5458 |b BIB. MATEMATICA | ||
